[Event "10th Norway Chess 2022"]
[Site "Stavanger"]
[Date "2022.06.01"]
[Round "2.1"]
[White "Topalov, Veselin"]
[Black "Anand, Viswanathan"]
[Result "0-1"]
[WhiteElo "2730"]
[BlackElo "2751"]
[Annotator "TA"]
[PlyCount "73"]
[EventDate "2022.05.30"]
[EventType "tourn"]
[EventCountry "NOR"]
[SourceTitle "playchess.com"]
[Source "ChessBase"]
[SourceQuality "1"]
[TimeControl "40/7200:0"]

{[%evp 9,73,8,18,-17,-5,-9,-5,-13,0,0,-4,-10,0,0,0,-2,0,0,-7,0,0,13,7,13,0,7,6,15,23,21,68,58,61,24,24,9,20,33,35,22,52,0,0,0,6,0,0,0,0,-32,-42,-34,-15,-74,-67,-62,-12,-17,0,0,0,0,0,0,0,-37]} 1. d4 {[%emt 0:00:04]} d5 {[%emt 0:00:08]} 2. c4 {[%emt 0:00:26]} dxc4 {[%emt 0:00:08]} 3. e4 {[%emt 0:02:32]} b5 {[%emt 0:00:23]} 4. a4 {[%emt 0:01:32]} c6 {[%emt 0:00:09]} 5. Nc3 {[%emt 0:08:42]} b4 {[%emt 0:00:55]} 6. Nb1 {[%emt 0:00:22] D10: Slav Defence: 3 cxd5 (without early Nf3) and 3 Nc3.} Ba6 $1 {[%emt 0:04:52]} 7. Qc2 {[%emt 0:02:12]} Qxd4 {[%emt 0:03:35] ...Nf6 is the strong threat.} 8. Nf3 {[%emt 0:00:35]} Qd7 {[%emt 0:01:56][%cal Oc4c3]} ({Resist} 8... Qc5 9. Nbd2 $14) 9. Bxc4 {[%emt 0:05:49]} Bxc4 {[%emt 0:00:37]} 10. Qxc4 {[%emt 0:00:05]} e6 {[%emt 0:00:07]} 11. Be3 {[%emt 0:06:14] [#]} Nf6 $146 {[%emt 0:01:21]} ({Predecessor:} 11... Qb7 12. O-O Nd7 13. Nbd2 Ngf6 14. Rac1 c5 15. e5 Nd5 16. Qg4 h5 17. Qe4 h4 {1-0 (52) Chumanov,V (2284)-Kolanek,R (2100) LSS email 2016}) 12. Nbd2 {[%emt 0:00:18]} Be7 {[%emt 0:00:37]} 13. O-O {[%emt 0:02:38]} O-O {[%emt 0:00:11][%cal Oc6c5]} 14. Rfd1 {[%emt 0:08:43]} c5 {[%emt 0:07:18]} 15. Bxc5 {[%emt 0:24:59]} Rc8 $1 {[%emt 0:14:56]} 16. Nb3 {[%emt 0:01:06]} ({Don't go for} 16. Ne5 $2 Qe8 17. Nb3 Nbd7 18. Nxd7 Nxd7 19. Rxd7 Qxd7 $19) 16... Qc7 {[%emt 0:04:01] Hoping for ...Nbd7.} 17. Qb5 {[%emt 0:06:17]} a6 {[%emt 0:02:48] [#]} 18. Qxb4 {[%emt 0:03:04]} Nc6 {[%emt 0:00:12]} 19. Qe1 {[%emt 0:01:31]} Rab8 {[%emt 0:04:08]} (19... Na5 $11 20. Nxa5 (20. Qxa5 Qxa5 21. Nxa5 Bxc5 $11) 20... Bxc5) 20. Bxe7 {[%emt 0:04:26]} (20. Rac1 $5) 20... Qxe7 {[%emt 0:00:13]} 21. Nfd2 {[%emt 0:05:49]} (21. Rac1 $5) 21... Qb4 {[%emt 0:08:09]} 22. Qe2 {[%emt 0:05:20]} Nd4 {[%emt 0:05:06]} 23. Nxd4 {[%emt 0:00:11]} Qxd4 {[%emt 0:00:06]} 24. b3 {[%emt 0:02:11]} h6 {[%emt 0:02:36]} 25. Ra2 {[%emt 0:03:18]} ({White should try} 25. Nf3 $14 Qc5 26. Nd4) 25... a5 $11 {[%emt 0:03:17]} 26. h3 {[%emt 0:01:02]} Qb4 {[%emt 0:01:37]} 27. Qe1 {[%emt 0:07:39]} (27. Kh2 {seems wilder.} Rc3 28. Rb2 Rbc8 29. e5) 27... Rc3 {[%emt 0:07:27]} 28. Rb2 {[%emt 0:00:16][%cal Ba2b2,Bb2b1,Bb1a1][%mdl 32]} Rd8 {[%emt 0:02:12]} 29. Rdb1 {[%emt 0:02:34]} Nd7 {[%emt 0:03:34][%cal Bf6d7,Bd7c5,Bc5a4,Ba4c3][%mdl 1056] Black has compensation.} 30. Qe2 {[%emt 0:04:31]} Rb8 {[%emt 0:07:42]} 31. Rd1 {[%emt 0:01:43] [#]} (31. Nc4 $11 {remains equal.}) 31... Nc5 $1 $17 {[%emt 0:00:14]} 32. Rbb1 {[%emt 0:00:08]} Rd3 {[%emt 0:03:09] 0x0.001761e914e3dp-1022s more active pieces.} (32... Nxb3 $15 33. Nxb3 Rxb3 34. Rxb3 Qxb3) 33. e5 $11 {[%emt 0:01:43] The position is equal.} Rd5 {[%emt 0:06:07]} 34. Nc4 {[%emt 0:01:17]} Rxd1+ {[%emt 0:00:32]} 35. Qxd1 {[%emt 0:00:18]} Nxa4 {[%emt 0:00:14] aiming for ...Nc3.} 36. Ra1 {[%emt 0:00:17]} Nc3 {[%emt 0:00:15]} 37. Qd6 {[%emt 0:00:11] Weighted Error Value: White=0.08 (flawless) /Black=0.05 (flawless)} 0-1

[Event "10th Norway Chess 2022"]
[Site "Stavanger"]
[Date "2022.06.01"]
[Round "2.2"]
[White "So, Wesley"]
[Black "Carlsen, Magnus"]
[Result "1-0"]
[WhiteElo "2766"]
[BlackElo "2864"]
[Annotator "TA"]
[PlyCount "99"]
[EventDate "2022.05.30"]
[EventType "tourn"]
[EventCountry "NOR"]
[SourceTitle "playchess.com"]
[Source "ChessBase"]
[SourceQuality "1"]

{[%evp 13,99,6,18,6,25,-1,0,14,0,-7,-2,-3,-17,-8,7,-52,10,-17,-23,-41,-29,-33,40,70,45,-68,-87,-79,-68,-82,-74,-69,-76,-185,-187,-197,34,0,0,0,22,41,67,62,60,54,63,57,48,16,10,12,10,6,12,0,0,0,0,0,0,0,36,39,36,12,12,14,18,8,14,10,257,253,251,210,608,348,29976,29977,29977,29975,29975,29976,29972,29972,29983,29984]} 1. e4 {[%emt 0:00:02]} e5 {[%emt 0:00:02]} 2. Nf3 {[%emt 0:00:02]} Nc6 {[%emt 0:00:02]} 3. Bc4 {[%emt 0:00:01]} Nf6 {[%emt 0:00:02]} 4. d3 {[%emt 0:00:01]} Bc5 {[%emt 0:00:02]} 5. Bg5 {[%emt 0:00:01]} h6 {[%emt 0:00:14]} 6. Bh4 {[%emt 0:00:09]} d6 {[%emt 0:00:03]} 7. c3 {[%emt 0:00:03] is the new trend.} a6 {[%emt 0:00:17]} 8. a4 {[%emt 0:00:08] C54: Giuoco Piano: 4 c3 Nf6, main lines with 5 d4 and 5 d3.} Ba7 {[%emt 0:00:02]} 9. Nbd2 {[%emt 0:00:03]} Qe7 {[%emt 0:00:13]} 10. O-O {[%emt 0:00:09] The position is equal.} g5 {[%emt 0:00:21]} (10... Be6 11. b4 O-O 12. Re1 Bxc4 13. Nxc4 Qe6 14. b5 Ne7 15. Bxf6 Qxf6 16. Rb1 axb5 17. axb5 Ng6 18. g3 Rfc8 19. Kg2 Nf8 20. d4 Qe6 {0-1 (85) So,W (2770)-Carlsen,M (2847) chess24.com INT 2021}) 11. Bg3 {[%emt 0:00:01][%cal Od3d4]} Nh7 {[%emt 0:00:01]} 12. b4 {[%emt 0:00:03][%cal Bb2b4,Bb4b5][%mdl 32]} Nf8 {[%emt 0:00:11]} 13. b5 {[%emt 0:00:04]} Na5 {[%emt 0:00:02]} 14. Bd5 {[%emt 0:00:17] [#]} (14. bxa6 $11 bxa6 15. d4) 14... c6 $146 {[%emt 0:00:09]} (14... Ng6 $15) ({Predecessor:} 14... h5 15. h4 g4 16. Ne1 Ng6 17. d4 Nxh4 18. bxa6 Ng6 19. Nc4 Nxc4 20. axb7 Bxb7 21. Bxb7 {½-½ (54) Tyulenko,Y (2453)-Herman,T (2365) ICCF email 2020}) 15. Ba2 {[%emt 0:00:05]} Ng6 {[%emt 0:00:02]} 16. Rb1 {[%emt 0:00:42]} axb5 {[%emt 0:00:51]} 17. axb5 {[%emt 0:00:01]} cxb5 {[%emt 0:00:33]} (17... g4 $15 18. Ne1 Qc7) 18. Rxb5 $14 {[%emt 0:00:12]} Nc6 {[%emt 0:00:01]} 19. Bd5 {[%emt 0:00:27]} (19. Nc4 $14) 19... h5 {[%emt 0:00:03][%cal Bh6h5,Bh5g4][%mdl 32]} 20. h3 g4 {[%emt 0:00:20]} 21. hxg4 {[%emt 0:00:02]} hxg4 {[%emt 0:00:05]} 22. Nh2 {[%emt 0:00:01] Strongly threatening d4.} Nf4 $1 {[%emt 0:00:05] And now ...Nh5 would win.} 23. d4 {[%emt 0:01:45] [#]} (23. Nxg4 $2 Bxg4 24. Qxg4 f5 25. Rxb7 Qxb7 $19) (23. Bxf4 $2 exf4 24. Ndf3 gxf3 $19) (23. Re1 $17) 23... Nh5 $1 $19 {[%emt 0:01:17]} 24. Nb3 {[%emt 0:01:09]} Nd8 $2 {[%emt 0:00:19]} (24... Nxg3 $19 25. fxg3 Qg5) 25. Ra5 {[%emt 0:00:43]} (25. Nxg4 $2 Qg5 26. Nxe5 (26. Bxe5 $2 dxe5 27. Bxb7 Bxg4 $19) 26... Nxg3 27. fxg3 Qe3+ 28. Rf2 Qh6 $19) (25. Qd3 $5 {[%cal Rf1a1]}) 25... Nxg3 {[%emt 0:00:06]} 26. fxg3 Qg5 {[%emt 0:00:02] White must now prevent ...Qe3+.} 27. Re1 {[%emt 0:00:33] Against Qe3+. Hoping for Qa1.} Nc6 {[%emt 0:00:32]} 28. Bxc6+ {[%emt 0:00:17]} bxc6 {[%emt 0:00:01]} 29. Qa1 {[%emt 0:00:03]} Rb8 {[%emt 0:00:05]} 30. Rxa7 {[%emt 0:00:06]} Rxb3 {[%emt 0:00:01]} 31. Qa2 (31. Rc7 $5 {[%cal Rc7c8]} O-O 32. Rxc6 $16) 31... Rb7 {[%emt 0:00:16]} 32. Rxb7 {[%emt 0:00:42]} Bxb7 33. Qa7 Bc8 {[%emt 0:00:01]} 34. Qc7 {[%emt 0:00:06][%csl LRc6,LRc8,LRd6]} O-O {[%emt 0:00:04]} 35. Nf1 {[%emt 0:00:02] Against Qd2} exd4 {[%emt 0:00:03]} 36. cxd4 {[%emt 0:00:02]} Qf6 {[%emt 0:00:04]} 37. Rd1 {[%emt 0:00:12]} c5 {[%emt 0:00:03]} 38. dxc5 {[%emt 0:00:03]} dxc5 {[%emt 0:00:01]} 39. Qxc5 {Threatening Rd5.} Be6 {Against Rd5} 40. Ne3 {[%emt 0:00:03]} Rc8 41. Qd6 {[%emt 0:00:06]} Qg5 {[%emt 0:00:02]} 42. Qf4 {[%emt 0:00:02]} Qc5 {[%emt 0:00:02] [#]} (42... f6 $1 $11 {and Black is okay.}) 43. e5 $1 $18 {[%emt 0:00:23]} Ra8 {[%emt 0:00:03]} 44. Qg5+ {[%emt 0:00:10]} Kh7 $2 {[%emt 0:00:01]} (44... Kh8 45. Rd6 Qb4 46. Qh6+ Kg8) 45. Kh2 {[%emt 0:00:04] White threatens Rh1 and mate.} Rg8 $2 {[%emt 0:00:05]} (45... Qf8 $18 46. Nf5 (46. Nxg4 Bxg4 47. Qxg4 Qh6+ 48. Qh4 Ra4 $16) 46... Bxf5) 46. Qh4+ {[%emt 0:00:15] White mates.} Kg7 {[%emt 0:00:02] [#]} 47. Nf5+ $1 {[%emt 0:00:01][%mdl 512]} Bxf5 {[%emt 0:00:08]} 48. Qf6+ {[%mdl 64] Deflection, Double Attack} Kh7 {[%emt 0:00:07]} 49. Qxf5+ {[%emt 0:00:02]} Kg7 {[%emt 0:00:03]} 50. Qf6+ {[%emt 0:00:02] Quite a comeback for White.  Weighted Error Value: White=0.17 (very precise) /Black=0.47} 1-0

[Event "10th Norway Chess 2022"]
[Site "Stavanger"]
[Date "2022.06.01"]
[Round "2.2"]
[White "Radjabov, Teimour"]
[Black "Tari, Aryan"]
[Result "1-0"]
[WhiteElo "2753"]
[BlackElo "2654"]
[Annotator "TA"]
[PlyCount "83"]
[EventDate "2022.05.30"]
[EventType "tourn"]
[EventCountry "NOR"]
[SourceTitle "playchess.com"]
[Source "ChessBase"]
[SourceQuality "1"]

{[%evp 15,83,-43,-40,-52,3,-35,-45,-50,-15,-16,0,0,39,-44,-29,-25,47,-77,-75,-68,-64,-68,-62,-87,-85,-72,-39,-88,-80,-102,-83,-114,-83,-81,-86,-207,72,67,55,0,31,8,16,-131,69,24,492,505,629,624,625,581,945,916,1606,482,481,457,399,-89,5,5,5,19,182,158,29994,29995,29995,29996]} 1. d4 {[%emt 0:00:04]} Nf6 {[%emt 0:00:01]} 2. c4 e6 {[%emt 0:00:01]} 3. Nc3 Bb4 4. g3 {[%emt 0:00:01]} O-O {[%emt 0:00:21]} 5. Bg2 d5 6. Nf3 {[%emt 0:00:02]} dxc4 {[%emt 0:00:04]} 7. O-O {[%emt 0:00:01]} Nc6 {[%emt 0:00:04][%cal Bb8c6,Bc6a5,Ba5b3][%mdl 32]} 8. Re1 {[%emt 0:00:01]} Rb8 {[%emt 0:00:26]} 9. a3 {[%emt 0:00:31] E20: Nimzo-Indian: 4 g3 and 4 f3.} Be7 {[%emt 0:00:20]} (9... Ba5 $15) 10. e4 {[%emt 0:00:41]} Na5 {[%emt 0:00:11]} 11. Bf4 {[%emt 0:00:05] Black is slightly better.} b5 {[%emt 0:00:25]} 12. Qc2 {[%emt 0:00:02] [#]} h6 $146 {[%emt 0:00:08]} ({Predecessor:} 12... Nh5 13. Be3 f5 14. Ne5 f4 15. gxf4 Nxf4 16. Bxf4 Rxf4 17. Rad1 c5 18. d5 Qc7 {½-½ (50) Rechner,K (2011)-Keller,K (2139) Germany 2012}) 13. Rad1 {[%emt 0:00:01]} Nb3 {[%emt 0:00:29]} 14. h3 {[%emt 0:01:42]} (14. d5 $14) 14... a6 {[%emt 0:00:56]} 15. d5 {[%emt 0:00:45]} exd5 {[%emt 0:00:56]} (15... Nd7 $1 $11) 16. Nxd5 {[%emt 0:00:20]} (16. e5 $14 {keeps the upper hand.} d4 17. exf6 Bxf6 18. Ne4) 16... Nxd5 $17 {[%emt 0:00:07]} 17. Rxd5 {[%emt 0:00:01]} Qe8 {[%emt 0:00:08]} 18. Bxc7 {[%emt 0:00:01]} Rb7 {[%emt 0:00:05]} 19. Bf4 {[%emt 0:00:05]} Be6 {[%emt 0:00:01]} 20. Rdd1 {[%emt 0:00:01]} Bc5 {[%emt 0:00:07]} 21. g4 {[%emt 0:00:07]} (21. Bd6 $15) 21... Rd7 {[%emt 0:00:13]} 22. g5 {[%emt 0:00:05]} h5 {[%emt 0:00:02]} 23. Qc3 {[%emt 0:00:09]} Qd8 {[%emt 0:00:10]} 24. Rxd7 {[%emt 0:00:25]} Qxd7 {[%emt 0:00:01]} 25. Be5 (25. Ne5 $17 Qc8 26. Qg3) 25... g6 $2 {[%emt 0:00:43]} (25... Bxh3 $19 26. Bxh3 Qxh3 27. Bxg7 Rd8) 26. Bh8 $1 $16 {[%emt 0:00:57][%csl Gh8][%cal Rc3g7]} f5 {[%emt 0:00:01]} 27. Bf6 {[%emt 0:00:09]} (27. Ne5 $14 Qh7 28. Bf6) 27... Kh7 {[%emt 0:00:06]} 28. Nh4 {[%emt 0:01:11]} f4 $1 {[%emt 0:00:01]} 29. Qf3 {[%emt 0:00:37]} (29. e5 $11 {remains equal.} Rg8 30. Qf3) 29... Bd4 $2 {[%emt 0:00:22]} (29... Qd2 $17 30. Qe2 Qxe2 31. Rxe2 Rxf6 32. gxf6 g5) 30. Rd1 {[%emt 0:00:16] aiming for e5.} ({But not} 30. Qxf4 Bxb2 $1 {[%mdl 512]} 31. e5 Nc5 $11) 30... Qa7 $2 {[%mdl 8192]} (30... Rxf6 $11 31. gxf6 Qc7) 31. Qxf4 $18 {[%emt 0:00:03]} Rf7 {[%emt 0:00:09]} 32. e5 {[%emt 0:00:22]} Rd7 {[%emt 0:00:02][%cal Od4f2] Strongly threatening ...Bxf2+!} 33. Kh1 {[%emt 0:00:09]} ({Inferior is} 33. Rb1 Nc5 34. Kh2 Nd3 $11) 33... Bxb2 {[%emt 0:00:04]} 34. Rd6 {[%emt 0:00:12]} Nc5 {[%emt 0:00:02] [#]} 35. Be4 {[%emt 0:00:07]} (35. Nxg6 $142 $1 {[%cal Og6e7][%mdl 512] White threatens Ne7! and mate.} Bc1 (35... Rxd6 36. Ne7) 36. Qxc1 Kxg6 37. Rxe6 $1 {[%mdl 512]}) 35... Nxe4 {[%emt 0:00:02]} 36. Qxe4 {[%csl Gh4][%cal Re4g6]} Bf7 {[%emt 0:00:05] [#]} 37. Kg1 $2 {[%emt 0:00:11]} (37. Rxd7 $1 $18 Qxd7 38. e6 Qxe6 39. Qxe6 Bxe6 40. Bxb2) 37... Rxd6 (37... Bxa3 $17 38. Qc6 Bxd6) 38. exd6 $11 {Chess con chili.} Bxf6 (38... Bxa3 $2 39. Qc6 Bxd6 40. Qxd6 $18) 39. gxf6 {[%emt 0:00:01] Nf3 is the strong threat.} c3 $2 {[%emt 0:00:01] [#]} (39... Qd7 $1 $11) 40. Nf3 $1 $18 {[%emt 0:00:03]} Qc5 {Prevents Ng5+.} (40... Qd7 $16) 41. Qe7 {[%emt 0:00:04]} Qd5 {[%emt 0:00:01]} 42. Qf8 {[%emt 0:00:06] Weighted Error Value: White=0.59/Black=0.83} 1-0

[Event "10th Norway Chess 2022"]
[Site "Stavanger"]
[Date "2022.06.01"]
[Round "2.2"]
[White "Vachier-Lagrave, Maxime"]
[Black "Mamedyarov, Shakhriyar"]
[Result "1-0"]
[WhiteElo "2750"]
[BlackElo "2770"]
[Annotator "TA"]
[PlyCount "103"]
[EventDate "2022.05.30"]
[EventType "tourn"]
[EventCountry "NOR"]
[SourceTitle "playchess.com"]
[Source "ChessBase"]
[SourceQuality "1"]

{[%evp 9,103,20,20,16,12,10,24,16,16,16,65,55,72,5,5,0,34,0,0,0,0,0,0,0,39,-7,-12,-60,-48,-41,-17,-54,-64,-62,75,82,77,66,77,79,83,75,117,118,147,105,94,102,120,107,127,108,138,100,116,122,148,150,182,187,189,189,225,213,209,207,209,201,188,172,427,435,476,459,448,434,391,386,455,423,450,429,457,436,440,388,367,361,229,101,1762,1727,1403,951,691,541]} 1. e4 e5 {[%emt 0:00:02]} 2. Nf3 Nf6 {[%emt 0:00:01]} 3. Nxe5 {[%emt 0:00:01]} d6 4. Nd3 {[%emt 0:00:02]} Nxe4 {[%emt 0:00:04]} 5. Qe2 {[%emt 0:00:02]} Qe7 {[%emt 0:00:03]} 6. Nf4 {[%emt 0:00:03] C42: Petroff Defence: 3 Nxe5 and unusual White 3rd moves.} Nf6 {[%emt 0:00:03] Against Nd5} 7. d4 {[%emt 0:00:10]} d5 {[%emt 0:00:05]} 8. Nc3 {[%emt 0:00:27] White has an edge.} c6 {[%emt 0:00:02]} 9. Be3 {[%emt 0:00:08] [#]} g6 $146 {[%emt 0:00:16]} (9... Bf5 $11) ({Predecessor:} 9... Ng4 10. Nfxd5 cxd5 11. Nxd5 Qd6 12. Bf4+ Qe6 13. Nc7+ {1-0 (13) Sternik,R (2079)-Bautista,E (1630) FICGS email 2020}) 10. O-O-O $14 {[%emt 0:00:13]} Bg7 {[%emt 0:00:02]} 11. h3 {[%emt 0:00:02]} (11. Re1 $16) 11... O-O $11 {[%emt 0:00:21]} 12. g4 {[%emt 0:00:08][%cal Bg2g4,Bg4g5][%mdl 32]} Re8 {[%emt 0:00:19]} 13. Bg2 {[%emt 0:00:03]} Nbd7 {[%emt 0:00:38]} 14. g5 {[%emt 0:00:54]} Ne4 15. Nxe4 {[%emt 0:00:06]} dxe4 {[%emt 0:00:01]} 16. h4 {[%emt 0:00:01]} Nb6 {[%emt 0:00:03]} 17. h5 {[%emt 0:00:02]} (17. Kb1 $14) 17... Qxg5 {[%emt 0:00:48] And now ...Bg4 would win.} 18. hxg6 {[%emt 0:00:31]} (18. Nxg6 $11 Qa5 19. Ne5 Qxa2 20. c3) 18... hxg6 {[%emt 0:00:01]} 19. Rdg1 {[%emt 0:01:05][%cal Og2e4]} Qb5 {[%emt 0:00:02]} 20. Qxb5 {[%emt 0:00:55]} cxb5 {[%emt 0:00:01]} 21. Bf1 Nc4 {[%emt 0:00:39] [#]} (21... Bd7 $15) 22. Nd5 $1 $16 {[%emt 0:00:29][%cal Bf4d5,Bd5c7,Bc7b5][%mdl 32]} Rd8 {[%emt 0:00:35]} 23. Nc7 {[%emt 0:00:03][%csl LRa8,LRb5]} Nxe3 {[%emt 0:00:03]} 24. fxe3 {[%emt 0:00:01]} Rb8 {Strongly threatening ...a6.} 25. Nxb5 {[%emt 0:00:03] White is more active.} Bf5 {[%emt 0:00:51]} 26. Bh3 {[%emt 0:00:07]} Bh6 {[%emt 0:00:26]} 27. Rg3 {[%emt 0:00:36]} Bxh3 {[%emt 0:00:02]} 28. Rgxh3 {[%emt 0:00:02]} ({Much weaker is} 28. Rhxh3 Kg7 $11) 28... Bg7 {[%emt 0:00:04]} 29. Rg1 {[%emt 0:00:14]} ({Don't play} 29. Nxa7 Ra8 $14) 29... Rd7 {[%emt 0:00:14]} 30. Rg4 {[%emt 0:00:05]} Re8 {[%emt 0:00:03]} 31. Rhh4 {[%emt 0:00:06]} a6 {[%emt 0:00:22]} 32. Nc3 Rde7 {[%emt 0:00:21]} 33. Rxe4 {[%emt 0:00:25]} f5 {[%emt 0:00:10]} 34. Rxe7 {[%emt 0:00:03]} Rxe7 $18 {[%mdl 4096] Endgame KRB-KRN} 35. Nd5 {[%emt 0:00:18]} Re8 36. Kd2 {[%emt 0:00:06]} Kf7 37. Kd3 {[%emt 0:00:10]} ({Don't take} 37. Rh7 $6 g5 $16) 37... g5 {[%emt 0:00:01]} 38. Rh1 {[%emt 0:00:01]} Kg6 {[%emt 0:00:04]} 39. c4 {[%emt 0:00:03]} Rh8 $2 {[%emt 0:00:05]} (39... Bh6 40. a4 g4) 40. Rxh8 {[%emt 0:00:19]} Bxh8 {KB-KN} 41. b4 {[%emt 0:00:02]} Kf7 {[%emt 0:00:02]} 42. a4 {[%emt 0:00:14][%cal Ba2a4,Ba4b5,Bb5b6][%mdl 32]} Ke6 {[%emt 0:00:02]} 43. b5 {[%emt 0:00:07]} axb5 44. axb5 Bg7 {[%emt 0:00:02]} 45. Nc3 {[%emt 0:00:06]} g4 {[%emt 0:00:03]} 46. c5 {[%emt 0:00:08]} Bf6 {[%emt 0:00:07]} 47. b6 {[%emt 0:00:06][%cal Oc5c6] Black must now prevent c6!} Kd7 {[%emt 0:00:03]} 48. Ne2 {[%emt 0:00:02] Hoping for Ng3.} Bh4 {[#] Against Ng3} 49. Nf4 $1 {[%emt 0:00:09] Threatens to win with Ng6.} g3 $2 {[%emt 0:00:01][%mdl 8192]} (49... Kc6 $16 50. Ne6 Bf6) 50. Ke2 {[%emt 0:00:04] White is clearly winning.} Kc6 51. Kf3 {[%emt 0:00:02]} Kd7 {[%emt 0:00:01]} 52. Ng2 {[%emt 0:00:02] Weighted Error Value: White=0.10 (very precise) /Black=0.25 (precise)} 1-0

[Event "10th Norway Chess 2022"]
[Site "Stavanger"]
[Date "2022.06.01"]
[Round "2.2"]
[White "Wang, Hao"]
[Black "Giri, Anish"]
[Result "1/2-1/2"]
[WhiteElo "2744"]
[BlackElo "2761"]
[Annotator "TA"]
[PlyCount "118"]
[EventDate "2022.05.30"]
[EventType "tourn"]
[EventCountry "NOR"]
[SourceTitle "playchess.com"]
[Source "ChessBase"]
[SourceQuality "1"]

{[%evp 12,118,21,17,11,13,16,16,20,14,21,0,0,17,8,0,0,-11,9,-7,-3,-31,-27,-27,-16,-45,-52,-62,-59,-71,-12,-51,-26,-43,-48,-43,-27,-43,-30,-33,0,0,0,-30,-27,-34,0,-19,30,26,31,22,29,29,30,13,45,26,81,45,45,45,83,31,12,0,0,0,0,-241,-241,-241,-241,-241,-241,-317,-313,-313,-308,-290,-214,-214,-206,-308,-283,-289,-285,-295,-286,-266,-256,-307,-295,-422,-422,-531,-57,-57,-57,-57,-57,-57,-57,-57,-57,-57,-57,-57,0]} 1. e4 {[%emt 0:00:01]} c5 2. Nf3 {[%emt 0:00:01]} d6 3. d4 {[%emt 0:00:02]} cxd4 {[%emt 0:00:01]} 4. Nxd4 Nf6 5. Nc3 {[%emt 0:00:02]} a6 6. h3 {[%emt 0:00:03]} e5 {[%emt 0:00:01]} 7. Nb3 {[%emt 0:00:01]} Be7 {[%emt 0:00:01] B90: Sicilian Najdorf: Unusual White 6th moves, 6 Be3 Ng4 and 6 Be3 e5.} 8. g4 $1 {[%emt 0:00:04][%mdl 4] outshines the older 8.Be3.} h6 {[%emt 0:00:01]} 9. Be3 {[%emt 0:00:02]} b5 {The position is equal.} 10. Nd5 {[%emt 0:00:03]} Bb7 {[%emt 0:00:01]} 11. Bg2 {[%emt 0:00:02] [#]} Nbd7 $146 {[%emt 0:00:17] Prevents Bb6.} ({Predecessor:} 11... Nxd5 12. exd5 Bg5 13. Qd2 Bxe3 14. Qxe3 Nd7 15. Nd4 Qc7 16. O-O-O Nb6 17. Nf5 g6 {1-0 (63) Lei,T (2505)-Bjerre,J (2550) chess24.com INT 2021}) 12. Nxe7 {[%emt 0:00:08]} Kxe7 {[%emt 0:00:28][%cal Be8e7,Be7f8,Bf8g8][%mdl 32]} 13. f3 {[%emt 0:00:15]} Qc7 {[%emt 0:00:06]} 14. O-O {[%emt 0:00:02]} Rhc8 {[%emt 0:00:12]} 15. c3 {[%emt 0:01:03]} a5 {[%emt 0:00:01]} 16. a3 {[%emt 0:00:15]} Kf8 {[%emt 0:00:35]} 17. h4 {[%emt 0:00:03]} Nb6 {[%emt 0:00:04]} 18. Qe2 {[%emt 0:00:38]} Nc4 {[%emt 0:00:08]} 19. Bf2 {[%emt 0:00:02]} Kg8 {[%emt 0:00:31]} 20. Rad1 {[%emt 0:00:15]} Ba6 {[%emt 0:00:11]} (20... Qe7 $17) 21. Qc2 {[%emt 0:00:08]} (21. g5 hxg5 22. Nc1 (22. hxg5 $2 Nh5 $19) 22... Nh5 $17) 21... Rab8 {[%emt 0:00:05]} (21... a4 22. Nc1 $11) 22. Bh3 {[%emt 0:00:05]} ({Reject} 22. g5 hxg5 23. hxg5 Nh5 $17) 22... Rd8 {[%emt 0:00:14]} 23. Rfe1 {[%emt 0:00:10]} Bc8 {[%emt 0:00:07][%cal Ba6c8,Bc8e6,Be6b3][%mdl 32] Hoping for ...h5.} 24. Bf1 {[%emt 0:00:16]} Be6 {[%emt 0:00:02]} 25. Nd2 {[%emt 0:00:05]} Nxd2 {[%emt 0:00:18]} 26. Rxd2 {[%emt 0:00:04]} a4 {[%emt 0:00:17]} 27. Be3 {[%emt 0:00:32][%cal Bf2e3,Be3f4,Bf4g3][%mdl 32]} Bb3 {[%emt 0:00:05]} 28. Qc1 {[%emt 0:00:02]} Nh7 {[%emt 0:00:08]} (28... d5 $5 {[%cal Rd5e4]}) 29. g5 {[%emt 0:00:27]} h5 {[%emt 0:00:26]} (29... hxg5 $142 30. hxg5 Nf8) 30. f4 $11 {[%emt 0:00:01]} exf4 {[%emt 0:00:05]} 31. Bxf4 {[%emt 0:00:02]} Nf8 {[%emt 0:00:02]} 32. Bg3 {[%emt 0:00:22] Active counter play!} Ne6 {[%emt 0:00:29]} 33. Kh2 {[%emt 0:00:12]} Qc5 {[%emt 0:00:04]} 34. Rf2 {[%emt 0:00:07]} Re8 {[%emt 0:00:30]} (34... Rb7 $11) 35. Rf5 {[%emt 0:00:12]} Qc6 {[%emt 0:00:02]} 36. Qd2 {[%emt 0:00:09]} g6 {[%emt 0:00:44] [#]} 37. Rf6 {[%emt 0:00:22]} (37. Rd5 $1 $16) 37... Rbd8 $14 {[%emt 0:00:01]} 38. Qf2 {[%emt 0:00:12]} Nc5 {[%emt 0:00:04][%cal Be6c5,Bc5e4,Be4f2][%mdl 32]} 39. e5 {[%emt 0:00:24][%cal Rf6d6]} Ne4 {[%emt 0:00:06]} 40. Bg2 $2 {[%emt 0:01:59]} (40. Qf3 $11 {and White has nothing to worry.} Bd5 41. e6 Rxe6 42. Rxe6 Nxg3 43. Qf6 Nxf1+ 44. Rxf1 Bxe6 45. Qxd8+ Kh7 46. Qf6 (46. Qf8 $2 Qc4 $19)) 40... Nxf2 $19 {[%emt 0:00:04]} 41. Bxc6 {[%emt 0:00:02]} Ng4+ 42. Kg1 {[%emt 0:00:06]} Nxf6 {[%emt 0:00:01]} 43. gxf6 {[%emt 0:00:02]} Re6 {[%emt 0:00:05] ...Bc4 is the strong threat.} 44. Bxb5 {[%emt 0:00:12]} dxe5 {[%emt 0:00:02]} 45. c4 {[%emt 0:00:01]} e4 {[%emt 0:00:10] And now ...e3 would win.} 46. c5 {[%emt 0:00:04]} Rd5 {[%emt 0:00:05]} ({Inferior is} 46... Rxf6 47. c6 $17) 47. Bf2 {[%emt 0:00:03]} (47. Rc1 $142) 47... Rxf6 {[%emt 0:00:06]} 48. Rxe4 {[%emt 0:00:04][%cal Oc5c6]} Rd1+ {[%emt 0:00:01]} 49. Re1 {[%emt 0:00:02]} Rxe1+ {[%emt 0:00:02]} 50. Bxe1 {[%mdl 4096] Endgame KRB-KB} Rf5 {[%emt 0:00:04]} 51. Bf2 {[%emt 0:00:03]} Kf8 {[%emt 0:00:02]} 52. Bd7 {[%emt 0:00:08]} (52. Kf1 $142) 52... Rd5 53. c6 {[%emt 0:00:05] aiming for c7.} Rxd7 {[%emt 0:00:02]} 54. cxd7 {[%emt 0:00:01] KB-KB. Black is slightly better.} Ke7 55. Kh2 {[%emt 0:00:07]} Kxd7 56. Kg3 {[%emt 0:00:01]} f6 57. Kf4 {[%emt 0:00:01]} Ke6 58. Bd4 Kf7 59. Bc3 Ke6 {Black had all chances to win.  Weighted Error Value: White=0.21 (precise) /Black=0.25 (precise)} (59... Bc4 $15) 1/2-1/2